000 00501nam a2200181Ia 4500
005 20250326123710.0
008 250326s9999 xx 000 0 und d
037 _aTextbook
040 _aFMSL
_beng
_cFMSL
041 _aeng
_2eng
084 _aX8(A):8 M2
_qFMSL
100 _aGranstrand O
_9735844
245 0 _aTechnology, management and markets
_cGranstrand O
260 _aLondon
_bLondon, Frances
_c1982
300 _a210p
942 _cTB
_hX8(A):8 M2
999 _c1270557
_d1270557